[Event "Nord-Est"]
[Site "?"]
[Date "2017.04.02"]
[Round "6"]
[White "Carballar, Eric"]
[Black "Philips, Liam"]
[Result "1-0"]
[WhiteElo "1330"]
[BlackElo "1009"]
[PlyCount "33"]
[SourceDate "2017.03.26"]

1. e4 e5 2. Nf3 Qf6 3. d4 Bb4+ 4. c3 d6 5. cxb4 Bd7 6. Bg5 h6 7. Bxf6 Nxf6 8.
dxe5 dxe5 9. Nxe5 Nc6 10. Bb5 O-O-O 11. Nd3 Rh7 12. Bxc6 h5 13. Qf3 Rh6 14. e5
Rdh8 15. Bxb7+ Kb8 16. Ba6 R8h7 17. Qb7# 1-0

[Event "Nord-Est"]
[Site "?"]
[Date "2017.04.02"]
[Round "6"]
[White "Play, Gilles"]
[Black "Laoussing, Mathis"]
[Result "1-0"]
[WhiteElo "1624"]
[BlackElo "1285"]
[PlyCount "125"]
[SourceDate "2017.03.26"]

1. e4 d5 2. exd5 Nf6 3. d4 Nxd5 4. c4 Nb6 5. Nc3 Bf5 6. Be3 e6 7. Nf3 Nc6 8. a3
a5 9. Be2 Be7 10. O-O O-O 11. Qd2 Bg4 12. c5 Nd5 13. Nxd5 Qxd5 14. Rfd1 Rad8
15. b4 axb4 16. axb4 Ra8 17. b5 Na7 18. h3 Bh5 19. Qb4 Rfd8 20. g4 Bg6 21. Ne5
Be4 22. Bc4 Bxc5 23. Bxd5 Bxb4 24. Bxe4 Nxb5 25. Rxa8 Rxa8 26. Bxb7 Rb8 27. Bf3
Rf8 28. Rb1 Nxd4 29. Bxd4 Bd6 30. Nd7 Rd8 31. Rb8 Rxb8 32. Nxb8 c5 33. Be3 Bxb8
34. Bxc5 g6 35. Kg2 Kg7 36. Be2 Kf6 37. Be3 Ke5 38. Bd3 Kd5 39. f4 e5 40. Kf3
f6 41. h4 Bd6 42. Be4+ Ke6 43. f5+ Kf7 44. Bd5+ Kg7 45. Be4 Kf7 46. Bh6 Bc5 47.
Bd5+ Ke8 48. Bg8 gxf5 49. gxf5 Bf8 50. Bxf8 Kxf8 51. Bxh7 Kg7 52. Bg6 Kh6 53.
Be8 Kg7 54. Bc6 Kh7 55. Ke3 Kh6 56. Bf3 Kg7 57. Ke4 Kh6 58. Kd5 Kh7 59. Ke6 Kg7
60. Ke7 Kg8 61. Kxf6 e4 62. Bxe4 Kf8 63. Bd5 1-0

[Event "Nord-Est"]
[Site "?"]
[Date "2017.04.02"]
[Round "6"]
[White "Grondin, Elisa"]
[Black "Padre, Maxime"]
[Result "0-1"]
[WhiteElo "1110"]
[BlackElo "1307"]
[PlyCount "120"]
[SourceDate "2017.03.26"]

1. e4 c6 2. d4 d5 3. e5 Bf5 4. g3 e6 5. Ne2 Bb4+ 6. Bd2 Bxd2+ 7. Qxd2 Ne7 8.
Bg2 O-O 9. O-O Nd7 10. Nbc3 Rc8 11. b4 Nb6 12. a3 Nc4 13. Qc1 h6 14. Rd1 b6 15.
Bf1 c5 16. Ra2 cxd4 17. Nxd4 Nxe5 18. Nxf5 Nxf5 19. Qf4 Ng6 20. Qf3 Qc7 21. Nb5
Qe7 22. Re1 Nd6 23. Nxd6 Qxd6 24. c3 Qe7 25. Rd2 Qf6 26. Qxf6 gxf6 27. Re3 Rc7
28. f4 f5 29. Rd4 Rfc8 30. Red3 Ne7 31. h3 Kh7 32. Kf2 Ng8 33. Bg2 Nf6 34. g4
fxg4 35. Rg3 gxh3 36. Rxh3 Ng4+ 37. Ke2 Nf6 38. Kd2 Rg8 39. Bf3 Rg7 40. f5 exf5
41. Bxd5 Nxd5 42. Rxd5 Rg2+ 43. Kd3 f4 44. Rf3 Rg3 45. Rxg3 fxg3 46. Kc2 Rc6
47. a4 g2 48. Rd1 Rg6 49. Rg1 f5 50. Kd2 h5 51. Ke2 h4 52. Kf2 h3 53. a5 bxa5
54. bxa5 h2 55. Rxg2 h1=Q 56. Rxg6 Kxg6 57. Ke3 Qd5 58. Kf2 Qd3 59. Kg1 Qxc3
60. Kf1 Qe1+ 0-1

[Event "Nord-Est"]
[Site "?"]
[Date "2017.04.02"]
[Round "6"]
[White "Andriandaza, Tombo Omar"]
[Black "Mercadal, Théo"]
[Result "1-0"]
[WhiteElo "1694"]
[BlackElo "1633"]
[PlyCount "85"]
[SourceDate "2017.03.26"]

1. d4 d5 2. Nf3 Nf6 3. Bf4 Bf5 4. Nbd2 e6 5. c3 Bd6 6. Ne5 Nbd7 7. Ndf3 O-O 8.
Bg5 Be7 9. h3 Rc8 10. Qa4 a6 11. Nxd7 Nxd7 12. Bxe7 Qxe7 13. e3 e5 14. Be2 Nb6
15. Qb3 e4 16. Nd2 Qd6 17. c4 c5 18. Qa3 Rfd8 19. dxc5 Qxc5 20. Qxc5 Rxc5 21.
b4 Rc6 22. c5 Nd7 23. Nb3 b5 24. Nd4 Rf6 25. O-O Ne5 26. a4 Nc4 27. axb5 axb5
28. Nxb5 Be6 29. Rfd1 Ne5 30. Nd4 Rg6 31. Kf1 Bd7 32. b5 h6 33. c6 Be8 34. Nf5
Kf8 35. Ra7 Bxc6 36. bxc6 Nxc6 37. Rc7 Rf6 38. g4 Rg6 39. Rc1 Ne5 40. Rc8 Ke8
41. Bb5+ Nd7 42. R8c7 Re6 43. Bxd7+ 1-0